000 00530nam a2200181Ia 4500
003 OSt
005 20240403112401.0
008 210210b1947 xxu||||| |||| 00| 0 eng d
040 _cAL
041 _aKannada
082 _a852/274
100 _aJAYAPRAKASHA NARAYANA ಜಯಪ್ರಕಾಶ ನಾರಾಯಣ
_9158000
245 _aKranti Pathadalli
_bಕ್ರಾಂತಿ ಪಥದಲ್ಲಿ
260 _aHubballi
_bSahitya Bhandara
_c1947
690 _aKannada Prose
_9158001
906 _a018842
942 _2ddc
_cBK
999 _c142396
_d142396